The Software Optimization Cookbook/ (Record no. 213881)
[ view plain ]
| 000 -LEADER | |
|---|---|
| fixed length control field | 00716naa a2200229 4500 |
| 005 - DATE AND TIME OF LATEST TRANSACTION | |
| control field | 20251208150940.0 |
| 010 ## - LCCN (DPL NO) | |
| LC control number | ENG-147282 |
| 020 ## - INTERNATIONAL STANDARD BOOK NUMBER | |
| International Standard Book Number | 9788183333917 |
| Terms of availability | 450.00 |
| 035 ## - SYSTEM CONTROL NUMBER | |
| System control number | EN-130814 |
| 037 ## - SOURCE OF ACQUISITION | |
| Source of stock number/acquisition | DBAD |
| 082 ## - DEWEY DECIMAL CLASSIFICATION NUMBER | |
| Classification number | 005.1 |
| Edition number | 1 |
| 100 ## - MAIN ENTRY--PERSONAL NAME | |
| Personal name | Gerber, Richard |
| 245 ## - TITLE STATEMENT | |
| Title | The Software Optimization Cookbook/ |
| Statement of responsibility, etc | Richard Gerber...[et.al] |
| 260 ## - PUBLICATION, DISTRIBUTION, ETC. (IMPRINT) | |
| Place of publication, distribution, etc | New Delhi |
| Name of publisher, distributor, etc | BPB Publications |
| Date of publication, distribution, etc | 2010 |
| 270 ## - ADDRESS | |
| Address | B-14, Cannught Place, |
| City | New Delhi |
| Postal code | 110001 |
| 300 ## - PHYSICAL DESCRIPTION | |
| Extent | xii, 404p. |
| Dimensions | 25cm(pb) |
| 500 ## - GENERAL NOTE | |
| General note | Includes index |
| 700 ## - ADDED ENTRY--PERSONAL NAME | |
| Personal name | Aart J.C BIk |
| Relator term | Author |
| 9 (RLIN) | 85913 |
| 700 ## - ADDED ENTRY--PERSONAL NAME | |
| Personal name | Kevin B. Smith |
| Relator term | Author |
| 9 (RLIN) | 85914 |
| 700 ## - ADDED ENTRY--PERSONAL NAME | |
| Personal name | XInmin Tian |
| Relator term | Author |
| 9 (RLIN) | 85915 |
| 942 ## - ADDED ENTRY ELEMENTS (KOHA) | |
| Institution code [OBSOLETE] | dpl |
| Item type | English Books |
| Source of classification or shelving scheme | Dewey Decimal Classification |
| Call number suffix | GER |
| Classification part | 005.1 |
| Withdrawn status | Lost status | Not for loan | Collection code | Home library | Current library | Date acquired | Source of acquisition | Cost, normal purchase price | Full call number | Barcode | Copy number | Cost, replacement price | Koha item type |
|---|---|---|---|---|---|---|---|---|---|---|---|---|---|
| Non-fiction | Bawana | Bawana | 08/12/2025 | Delivery of Books Act Division | 450.00 | GER 005.1 | EN-130814 | 1 | 450.00 | English Books |
